00793nam a2200217 i 450000100060000000300090000600500170001500700030003200800410003510000380007624500960011425000160021026000520022630000260027865000590030470000230036370000300038685200210041699900170043795201210045433420ES-MaACL20260305063017.0t|030202s1916 fr ||||1| fre d1 aBinet, Alfred, d1857-191192891614aLes enfants anormaux / cpar Alfred Binet, Th. Simon ; avec un prèface de Leon Bourgeois. a[2eme ed.]. aParís : bArmand Colin, c1916 (fA. Dersé) aXI, 211 p. ; c19 cm. 4aNiños con discapacidad mental-xEducación.91488371 aSimon, Th.91065360 aBourgeois, Léon.930985 aES-MaACLjG-1826 c33420d33420 00104070aATENEOMbATENEOMcDEPO2d2008-01-17eSCl0oG-1826p1034763r2023-02-23 00:00:00w2023-02-23yMONOGRAFIA